Welcome to WEB OPAC of MRSPTU Central Library

Do Sahan Vichkar (Record no. 2244)

MARC details
000 -LEADER
fixed length control field 00347nam a2200145Ia 4500
008 - FIXED-LENGTH DATA ELEMENTS--GENERAL INFORMATION
fixed length control field 230711s9999||||xx |||||||||||||| ||und||
041 ## - LANGUAGE CODE
Language code of text/sound track or separate title ENG
082 ## - DEWEY DECIMAL CLASSIFICATION NUMBER
Classification number 800
Item number JA-D
100 ## - MAIN ENTRY--PERSONAL NAME
Personal name Jaswant Zafar
245 #0 - TITLE STATEMENT
Title Do Sahan Vichkar
250 ## - EDITION STATEMENT
Edition statement 1st . Ed.
260 ## - PUBLICATION, DISTRIBUTION, ETC.
Date of publication, distribution, etc. 1993
Place of publication, distribution, etc. New Delhi
Name of publisher, distributor, etc. Punjabi University Patiala
650 ## - SUBJECT ADDED ENTRY--TOPICAL TERM
Topical term or geographic name entry element Literature
942 ## - ADDED ENTRY ELEMENTS (KOHA)
Koha item type Book
Holdings
Withdrawn status Lost status Damaged status Not for loan Collection Home library Current library Date acquired Total checkouts Full call number Barcode Date last seen Date last checked out Price effective from Koha item type
          MRSPTU Central Library MRSPTU Central Library   3 800 JA-D 9194 04/22/2025 03/03/2025 08/17/2023 Book
          MRSPTU Central Library MRSPTU Central Library     800 JA-D 9195 08/17/2023   08/17/2023 Book
          MRSPTU Central Library MRSPTU Central Library     800 JA-D 9196 08/17/2023   08/17/2023 Book

Website Designed and Developed by MRSPTU Central Library Team

E-mail Id: librarian@mrsptu.ac.in